000 01352cam a2200361 a 4500
001 EDZ0000116312
003 StDuBDS
005 20161031105108.0
006 m||||||||d||||||||
007 cr |||||||||||
008 130111s2008 caua fo| 000|0|eng|d
020 _a9781446261040 (ebook) :
_cNo price
040 _aStDuBDS
_beng
_cStDuBDS
_epn
049 _aAlfaisal Main Library
050 0 _aBF311
_b.C55225 2008
082 0 4 _a153
_223
245 0 0 _aCognitive science
_h[electronic resource] /
_cedited by Koen Lamberts.
260 _aLos Angeles ;
_aLondon :
_bSAGE,
_c2008.
300 _a1 online resource (6 v.) :
_bill.
490 1 _aSAGE benchmarks in psychology
520 8 _aDrawing upon highly influential classic and contemporary sources, this text guides us through the central defining papers that anchor the field of cognitive science.
521 _aSpecialized.
588 _aDescription based on print version record.
504 _aIncludes bibliographical references.
650 0 _aCognitive science.
655 7 _aElectronic books.
_2local
700 1 _aLamberts, Koen.
710 2 _aSage eBooks
776 0 8 _iPrint version :
_z9781412935524
830 0 _aSAGE benchmarks in psychology.
856 4 0 _uhttp://ezproxy.alfaisal.edu/login?url=http://sk.sagepub.com/navigator/cognitive-science
942 _2lcc
_cEBOOKS
999 _c479219
_d479219